Statistics for Countries by amount of points in Eurovision

Click here to take the quiz!

General Stats

  • This quiz has been taken 327 times
  • The average score is 18 of 20

Answer Stats

PointsAnswer% Correct
4128Sweden
100%
3849United Kingdom
99%
2816Norway
97%
3083France
96%
3292Ireland
96%
2479Italy
96%
2465Russia
96%
3044Germany
95%
2595Spain
95%
2423Denmark
93%
2150Netherlands
92%
1685Ukraine
92%
1560Austria
90%
2740Greece
90%
2191Switzerland
90%
1959Belgium
87%
2015Portugal
87%
1996Turkey
85%
2335Israel
82%
1690Malta
74%

Score Distribution

Percentile by Number Answered

Percent of People with Each Score

Your Score History

You have not taken this quiz